Hlohovecko kedysi dnes a zajtra Diel I. a II.

Podrobná bibliografia
Hlavný autor: Felcán, Arpád Vojtech, 1900-1944 (Autor)
Médium: Kniha
Jazyk:slovenčina
Fyzický popis:79 strán fotografie, tabuľky 23 cm
Vydavateľské údaje: V Hlohovci Vlastným nákladom 1932
Predmet:

MARC

LEADER 00000cam a2200000 a 4500
001 vtls008370454
003 SK-MaSNL
005 20260301181751.0
008 020301s1932 xo ol fr 000 0 slo
015 |a SNBA19191938-002512 
020 |q (brožované) 
035 |a SK01SNKBSKHR20020062671 
035 |a SKM000065134 
040 |a SNK  |b slo  |c SNK  |e AACR2 
041 0 |a slo 
043 |a e-xo--- 
044 |a xo  |c SK 
072 7 |a 911  |x Všeobecná geografia. Systematická geografia  |2 konspekt 
080 |a (437.6)  |2 2011 
080 |a (048.8)  |2 2011 
080 |a 911.375  |2 2011 
080 |a 911.375(091)  |2 2011 
100 1 |a Felcán, Arpád Vojtech,  |d 1900-1944  |4 aut  |9 50592 
245 1 0 |a Hlohovecko kedysi dnes a zajtra  |n Diel I. a II.  |c A. Felcán 
246 1 |i Správny názov:  |a Hlohovecko kedysi, dnes a zajtra 
260 |a V Hlohovci  |b Vlastným nákladom  |c 1932 
300 |a 79 strán  |b fotografie, tabuľky  |c 23 cm 
500 |a Fotografia na frontispice. Poznámky pod čiarou. Opravy na strane 79 
650 0 7 |a mestá  |2 SNKPH  |9 2929 
650 0 7 |a dejiny miest  |2 SNKPH  |9 164833 
651 7 |a Hlohovec (Slovensko)  |2 SNKPHgeo  |9 31468 
655 7 |a monografie  |2 SNKPH  |9 70139 
752 |a Slovensko  |d Hlohovec 
852 |a Slovenská národná knižnica 
954 |a odborná, vedecká literatúra pôvodná (slovenská)  |2 lita 
958 |a RK 
958 |a TL 
958 |a ONDV 
999 |c 851171  |d 853101 
952 |a SNK  |b SNK  |y VYP  |7 0  |p 17A0221726  |o snkSC 1486 D1  |0 0  |1 0  |4 0  |d 1999-12-21  |l 0  |r 2005-01-02 00:00:00  |w 2026-02-24 
952 |a SNK  |b SNK  |y VYP  |7 0  |p 17A0225260  |o snkSC 1486 D2  |0 0  |1 0  |4 0  |d 2000-01-26  |l 0  |r 2005-01-02 00:00:00  |w 2026-02-24 
952 |a SNK  |b SNK  |y PREZ  |7 0  |p 17A0738443  |o snkSC 1486  |i snk1232/33  |0 0  |1 0  |4 0  |d 2011-11-21  |f 1  |l 0  |r 2025-06-11 00:00:00  |w 2026-02-24